[Event "HUN-chT2 Barcza 1718"]
[Site "Hungary"]
[Date "2017.12.17"]
[Round "6.4"]
[White "Rakaczki, Csaba"]
[Black "Somodi, Krisztian"]
[Result "0-1"]
[WhiteElo "2104"]
[BlackElo "2013"]
[PlyCount "84"]
[EventDate "2017.09.24"]
[EventType "team-tourn"]
[EventRounds "11"]
[EventCountry "HUN"]
[SourceTitle "EXT 2021"]
[Source "ChessBase"]
[SourceDate "2020.10.23"]
[SourceVersion "1"]
[SourceVersionDate "2020.10.23"]
[SourceQuality "1"]
[WhiteTeam "Debrecen Sakkbaratok"]
[BlackTeam "Hajduszoboszlo"]
[WhiteTeamCountry "HUN"]
[BlackTeamCountry "HUN"]

1. e4 Nf6 2. Nc3 e5 3. Bc4 Bb4 4. d3 h6 5. Nge2 0-0 6. 0-0 c6 7. a3 Ba5 8. b4 Bb6 9. h3 d5 10. Ba2 Be6 11. Bb2 Nh5 12. Na4 Qg5 13. Kh2 Bc7 14. g3 Nd7 15. Bc1 Qg6 16. g4 Nf4 17. Ng3 Qg5 18. Qf3 Nf6 19. Nf5 dxe4 20. dxe4 h5 21. Bxe6 fxe6 22. Ne3 hxg4 23. Nxg4 N6h5 24. Nc5 Qh4 25. Nd7 Rf7 26. Ndxe5 Rff8 27. Be3 Nd3 28. Qg2 Nxe5 29. Kg1 Nxg4 30. hxg4 Nf4 31. Bxf4 Rxf4 32. f3 Raf8 33. c4 Qf6 34. Rad1 Rxf3 35. Rxf3 Qxf3 36. Qxf3 Rxf3 37. Rd7 Rf7 38. Rd3 Kh7 39. Kg2 Kg6 40. Kh3 Kg5 41. a4 g6 42. a5 Rf2 0-1

[Event "HUN-chT2 Barcza 1213"]
[Site "Hungary"]
[Date "2013.03.24"]
[Round "9.4"]
[White "Somodi, Krisztian"]
[Black "Ujhelyi, Andras"]
[Result "1/2-1/2"]
[WhiteElo "2042"]
[BlackElo "2050"]
[PlyCount "144"]
[EventDate "2012.09.16"]
[EventType "team-tourn"]
[EventRounds "11"]
[EventCountry "HUN"]
[SourceTitle "EXT 2014"]
[Source "ChessBase"]
[SourceDate "2013.11.20"]
[SourceVersion "1"]
[SourceVersionDate "2013.11.20"]
[SourceQuality "1"]
[WhiteTeam "DEAC"]
[BlackTeam "Tiszavasvar"]
[WhiteTeamCountry "HUN"]
[BlackTeamCountry "HUN"]

1. e4 c5 2. Nc3 Nc6 3. g3 Nf6 4. Bg2 e5 5. d3 d6 6. Nge2 Be7 7. 0-0 0-0 8. h3 b6 9. f4 Bb7 10. g4 Nd4 11. Ng3 Nd7 12. Nd5 Bxd5 13. exd5 Bh4 14. Ne4 Nf6 15. c3 Nxe4 16. Bxe4 f5 17. Bg2 Nb5 18. a4 Nc7 19. fxe5 fxg4 20. hxg4 Rxf1+ 21. Qxf1 Bg3 22. Bf4 Bxf4 23. Qxf4 dxe5 24. Qxe5 Qd7 25. Qf5 Qd6 26. Rf1 Rf8 27. Qxf8+ Qxf8 28. Rxf8+ Kxf8 29. c4 Ke7 30. Kf2 Kd6 31. Be4 h6 32. Bg6 a5 33. Kg3 Ke5 34. Kh4 Kf6 35. Kh5 Ke7 36. g5 hxg5 37. Kxg5 Na6 38. Kf5 Kd6 39. Bh5 Nb4 40. Be2 Nc2 41. Kg6 Nd4 42. Bg4 Nc2 43. Kxg7 Ne3 44. Be2 Ke7 45. Kg6 Nc2 46. Kg5 Ne1 47. Kf4 Kd6 48. Ke4 Nc2 49. Bd1 Nb4 50. d4 Na6 51. dxc5+ bxc5 52. Kf5 Nb4 53. Kf6 Nd3 54. b3 Nf2 55. Be2 Ne4+ 56. Kf7 Kc7 57. Ke7 Nd6 58. Bg4 Ne4 59. Bf5 Nd6 60. Ke6 Nc8 61. Ke5 Nd6 62. Be6 Nb7 63. d6+ Nxd6 64. Kd5 Nb7 65. Bf5 Kb6 66. Be6 Nd8 67. Bd7 Nb7 68. Ke6 Kc7 69. Bb5 Nd8+ 70. Kd5 Kb6 71. Be8 Nb7 72. Bc6 Nd8 1/2-1/2

[Event "HUN-chT2 Barcza 1213"]
[Site "Hungary"]
[Date "2012.11.04"]
[Round "3.4"]
[White "Somorai, Zsolt"]
[Black "Somodi, Krisztian"]
[Result "1-0"]
[WhiteElo "2079"]
[BlackElo "2042"]
[PlyCount "150"]
[EventDate "2012.09.16"]
[EventType "team-tourn"]
[EventRounds "11"]
[EventCountry "HUN"]
[SourceTitle "EXT 2014"]
[Source "ChessBase"]
[SourceDate "2013.11.20"]
[SourceVersion "1"]
[SourceVersionDate "2013.11.20"]
[SourceQuality "1"]
[WhiteTeam "Debrecen Sakkiskola"]
[BlackTeam "DEAC"]
[WhiteTeamCountry "HUN"]
[BlackTeamCountry "HUN"]

1. d4 d5 2. Nf3 Nf6 3. c4 e6 4. Nc3 c6 5. e3 Be7 6. Bd3 0-0 7. 0-0 Nbd7 8. b3 Bd6 9. Bb2 Re8 10. Rc1 Qe7 11. Re1 Bb4 12. Re2 dxc4 13. Bxc4 Nd5 14. Ne4 f6 15. Ng3 Kh8 16. e4 Nf4 17. Re3 Nb6 18. Bf1 Bd7 19. Ne2 Ng6 20. h4 Rad8 21. h5 Nf8 22. Nf4 Bc8 23. Nh4 Qf7 24. Bd3 e5 25. dxe5 fxe5 26. Nh3 Qe7 27. Nf3 Bg4 28. h6 Ng6 29. hxg7+ Qxg7 30. a3 Be7 31. Kf1 Bf8 32. Nhg1 Qd7 33. Qc2 Bh6 34. Be2 Bxe3 35. fxe3 Qf7 36. Ke1 Bxf3 37. Nxf3 h6 38. Qc5 Qe7 39. Qa5 Nc8 40. Kf2 Kg7 41. Rh1 Nd6 42. Bd3 Nf7 43. Ke2 a6 44. Rh5 Qd7 45. Qc3 Qg4 46. Rh2 Ng5 47. Qb4 Qd7 48. Qc3 Qe7 49. Qe1 Qd6 50. Qc3 Rd7 51. Rh1 Qf6 52. Rf1 Rf7 53. Kd2 Qd6 54. Kc2 Rfe7 55. Nd2 b5 56. Rf5 Rf7 57. Nf1 Rxf5 58. exf5 Nf8 59. Ng3 Nd7 60. Be2 Nf6 61. Kb1 Nge4 62. Nxe4 Nxe4 63. Qc2 Nf6 64. e4 Rd8 65. Bf3 Nh7 66. Qf2 Re8 67. Bh5 Re7 68. Qg3+ Ng5 69. Bc1 Kf6 70. Be2 Qd4 71. Bd3 Qc3 72. Bb2 Qxb3 73. Qe3 Qf7 74. Qc5 Qe8 75. Qd6+ Kf7 1-0

[Event "HUN-chT2 Barcza 1112 "]
[Site "Hungary"]
[Date "2012.03.11"]
[Round "7"]
[White "Somodi, Krisztian"]
[Black "Karacsony, Zsolt"]
[Result "0-1"]
[WhiteElo "2020"]
[BlackElo "2048"]
[PlyCount "58"]
[EventDate "2011.09.25"]
[EventType "team-tourn"]
[EventRounds "11"]
[EventCountry "HUN"]
[SourceTitle "EXT 2013"]
[Source "ChessBase"]
[SourceDate "2012.11.22"]
[SourceVersion "1"]
[SourceVersionDate "2012.11.22"]
[SourceQuality "1"]
[WhiteTeam "DEAC"]
[BlackTeam "Sajoszentpeter"]
[WhiteTeamCountry "HUN"]
[BlackTeamCountry "HUN"]

1. e4 c6 2. d4 d5 3. Nd2 dxe4 4. Nxe4 Nf6 5. Nxf6+ gxf6 6. Bf4 Bf5 7. Nf3 Nd7 8. Bd3 h5 9. c3 Bxd3 10. Qxd3 Nc5 11. Qc2 Ne6 12. Be3 Bh6 13. 0-0-0 Qa5 14. Kb1 0-0-0 15. Rhe1 Qc7 16. c4 Bxe3 17. fxe3 Kb8 18. Rd3 Ng5 19. Nxg5 fxg5 20. g3 Qd7 21. Ra3 h4 22. Qa4 a6 23. Qb4 hxg3 24. hxg3 Ka8 25. Qb6 Rh2 26. b4 Rdh8 27. e4 Rd2 28. d5 Rhh2 29. dxc6 Rd1+ 0-1

[Event "HUN-chT2 Maroczy 0506"]
[Site "Hungary"]
[Date "2006.03.19"]
[Round "9"]
[White "Medvegyne Balogh, Emese"]
[Black "Somodi, Krisztian"]
[Result "0-1"]
[WhiteElo "2165"]
[BlackElo "1994"]
[PlyCount "110"]
[EventDate "2005.10.16"]
[EventType "team"]
[EventRounds "11"]
[EventCountry "HUN"]
[SourceTitle "EXT 2009"]
[Source "ChessBase"]
[SourceDate "2008.11.26"]
[SourceVersion "1"]
[SourceVersionDate "2008.11.26"]
[SourceQuality "1"]
[WhiteTeam "Dunaharaszti"]
[BlackTeam "Teva"]
[WhiteTeamCountry "HUN"]
[BlackTeamCountry "HUN"]

1. e4 e5 2. Nf3 Nc6 3. d4 exd4 4. c3 dxc3 5. Nxc3 Bc5 6. Bc4 d6 7. Ng5 Ne5 8. Qb3 Qf6 9. 0-0 c6 10. Be2 h6 11. Nf3 Qe7 12. Na4 Be6 13. Qd1 Rd8 14. Nd4 Bd7 15. Nxc5 dxc5 16. Nc2 Bf5 17. exf5 Rxd1 18. Rxd1 Nf6 19. Bf4 Nd5 20. Bg3 0-0 21. f4 Nd7 22. Bf3 N7b6 23. Re1 Qf6 24. Re2 Qxb2 25. Rae1 Qf6 26. Bf2 Nxf4 27. Rd2 Qc3 28. Be3 Nbd5 29. Rde2 Nxe3 30. Nxe3 Rd8 31. Ng4 Qd4+ 32. Kh1 Nd5 33. Re4 Qb2 34. R4e2 Qa3 35. Be4 c4 36. f6 h5 37. Bb1 hxg4 38. Re8+ Qf8 39. Rxf8+ Kxf8 40. fxg7+ Kxg7 41. Re4 Ne3 42. Kg1 Rd1+ 43. Kf2 Rxb1 44. Rxe3 Rb2+ 45. Kg3 Rxa2 46. Re4 b5 47. Rxg4+ Kf6 48. Kf4 Re2 49. Kf3 Re7 50. Rd4 c3 51. Rd6+ Re6 52. Rd1 b4 53. Rc1 a5 54. h4 a4 55. h5 b3 0-1

[Event "HUN-chT2 Maroczy 0506"]
[Site "Hungary"]
[Date "2006.02.12"]
[Round "7"]
[White "Somodi, Krisztian"]
[Black "Farkas, Daniel"]
[Result "1-0"]
[WhiteElo "1994"]
[BlackElo "2056"]
[PlyCount "77"]
[EventDate "2005.10.16"]
[EventType "team"]
[EventRounds "11"]
[EventCountry "HUN"]
[SourceTitle "EXT 2009"]
[Source "ChessBase"]
[SourceDate "2008.11.26"]
[SourceVersion "1"]
[SourceVersionDate "2008.11.26"]
[SourceQuality "1"]
[WhiteTeam "Teva"]
[BlackTeam "Miskolc EMSE"]
[WhiteTeamCountry "HUN"]
[BlackTeamCountry "HUN"]

1. e4 c5 2. Nc3 Nc6 3. g3 g6 4. Bg2 Bg7 5. d3 d6 6. Be3 e6 7. Qd2 Rb8 8. Nge2 Nd4 9. Nd1 b5 10. c3 Nc6 11. 0-0 Nge7 12. d4 cxd4 13. Nxd4 0-0 14. f4 Qc7 15. Nf2 Rd8 16. Rad1 d5 17. e5 b4 18. Rc1 Ba6 19. Rfe1 Qb7 20. cxb4 Nxb4 21. a3 Nbc6 22. b4 Rbc8 23. Nb3 Bc4 24. Nc5 Qb5 25. Nd1 d4 26. Bf2 Bd5 27. Bf1 Qb6 28. Na4 Qb8 29. b5 Bb3 30. Nc5 Bxd1 31. Rexd1 Nxe5 32. fxe5 Qxe5 33. Nb3 Rxc1 34. Qxc1 Qd6 35. Na5 Rc8 36. Nc4 Qd5 37. Qb1 Rxc4 38. Bxc4 Qxc4 39. Qe4 1-0

[Event "HUN-chT2 Barcza 0203"]
[Site "Hungary"]
[Date "2002.12.08"]
[Round "4"]
[White "Somodi, Krisztian"]
[Black "Pal, Ferenc"]
[Result "0-1"]
[WhiteElo "1639"]
[BlackElo "2069"]
[PlyCount "102"]
[EventDate "2002.09.22"]
[EventType "team"]
[EventRounds "11"]
[EventCountry "HUN"]
[SourceTitle "EXT 2009"]
[Source "ChessBase"]
[SourceDate "2008.11.26"]
[SourceVersion "1"]
[SourceVersionDate "2008.11.26"]
[SourceQuality "1"]

1. e4 c5 2. Nc3 Nc6 3. g3 e6 4. Bg2 Be7 5. d3 Nf6 6. Nf3 b6 7. 0-0 Bb7 8. Be3 Ng4 9. Qd2 0-0 10. Rad1 Nxe3 11. fxe3 d5 12. exd5 exd5 13. e4 d4 14. Ne2 Qd7 15. Nf4 Bd6 16. Rde1 Rae8 17. Qf2 Ba6 18. Bh3 Qd8 19. Nd2 Nb4 20. Nc4 Bxc4 21. dxc4 Nxa2 22. Nd5 Nb4 23. Nxb4 cxb4 24. Kh1 Be5 25. Ra1 Qc7 26. Ra4 a5 27. Qe2 Qc6 28. Raa1 Re7 29. Rae1 Rc7 30. b3 Qh6 31. Rf5 Rc5 32. Kg2 g6 33. Rf2 Qg5 34. Ref1 Qe7 35. Qf3 Bg7 36. Qf4 Re5 37. Re2 f5 38. Qd2 Rxe4 39. Ref2 Re8 40. Kg1 Re2 41. Rxe2 Qxe2 42. Qxe2 Rxe2 43. Rf2 Re5 44. Rd2 Bh6 45. Rd1 Re2 46. Kh1 Be3 47. g4 f4 48. c5 bxc5 49. Ra1 f3 50. Bf1 Rxc2 51. Rxa5 Rc1 0-1

[Event "HUN-chT2 Barcza 0203"]
[Site "Hungary"]
[Date "2002.11.24"]
[Round "3"]
[White "Kiss, Ferenc Jozsef"]
[Black "Somodi, Krisztian"]
[Result "0-1"]
[WhiteElo "1639"]
[BlackElo "1888"]
[PlyCount "86"]
[EventDate "2002.09.22"]
[EventType "team"]
[EventRounds "11"]
[EventCountry "HUN"]
[SourceTitle "EXT 2009"]
[Source "ChessBase"]
[SourceDate "2008.11.26"]
[SourceVersion "1"]
[SourceVersionDate "2008.11.26"]
[SourceQuality "1"]

1. e4 g6 2. d4 Bg7 3. Nc3 d6 4. Be3 Nf6 5. f3 0-0 6. Qd2 Nbd7 7. 0-0-0 a6 8. g4 b5 9. Bh6 c5 10. Bxg7 Kxg7 11. g5 Nh5 12. dxc5 Nxc5 13. e5 Nb7 14. Qe3 Be6 15. exd6 Nxd6 16. Qe5+ Kg8 17. Ne4 Qa5 18. Nxd6 exd6 19. Rxd6 Qxa2 20. Ne2 Rfe8 21. Qd4 Ng7 22. Ng3 Rac8 23. Bd3 Qa1+ 24. Kd2 Qa5+ 25. Kd1 Rcd8 26. Rxd8 Rxd8 27. Qe3 Bc4 28. b3 Bxd3 29. cxd3 Qa1+ 30. Ke2 Qb2+ 31. Qd2 Qxb3 32. Ne4 Nf5 33. Nf6+ Kg7 34. Re1 Nd4+ 35. Kf2 Ne6 36. Ke2 Rc8 37. Rc1 Rxc1 38. Qxc1 Qa2+ 39. Kf1 Qxh2 40. Qe3 Qh3+ 41. Ke1 Qg3+ 42. Kd1 Qxg5 43. Ne8+ Kf8 0-1

[Event "HUN-chT2 0102"]
[Site "Hungary"]
[Date "2002.02.10"]
[Round "7"]
[White "Somodi, Krisztian"]
[Black "Pinter, Mark"]
[Result "0-1"]
[WhiteElo "1618"]
[BlackElo "2047"]
[PlyCount "44"]
[EventDate "2001.??.??"]
[EventType "team"]
[EventRounds "11"]
[EventCountry "HUN"]
[SourceTitle "EXT 2004"]
[Source "ChessBase"]
[SourceDate "2003.11.25"]
[SourceVersion "1"]
[SourceVersionDate "2003.11.25"]
[SourceQuality "1"]

1. e4 e5 2. Nf3 Nc6 3. Bb5 a6 4. Ba4 Nf6 5. 0-0 Nxe4 6. d4 exd4 7. Re1 d5 8. Nxd4 Bd6 9. g3 0-0 10. Nxc6 bxc6 11. Bxc6 Rb8 12. Bxd5 Ng5 13. Bg2 Qf6 14. c3 Nh3+ 15. Bxh3 Bxh3 16. Qh5 Bd7 17. Bg5 Qf5 18. Qh4 Bc6 19. Kf1 Rxb2 20. Be3 Qd3+ 21. Kg1 Qd5 22. f3 Qxf3 0-1

[Event "HUN-chT2 0102"]
[Site "Hungary"]
[Date "2002.01.27"]
[Round "6"]
[White "Galko, Agnes"]
[Black "Somodi, Krisztian"]
[Result "1/2-1/2"]
[WhiteElo "1838"]
[BlackElo "1618"]
[PlyCount "55"]
[EventDate "2001.??.??"]
[EventType "team"]
[EventRounds "11"]
[EventCountry "HUN"]
[SourceTitle "EXT 2004"]
[Source "ChessBase"]
[SourceDate "2003.11.25"]
[SourceVersion "1"]
[SourceVersionDate "2003.11.25"]
[SourceQuality "1"]

1. e4 e5 2. Nf3 Nc6 3. Nc3 Nf6 4. d4 exd4 5. Nxd4 Bb4 6. Nxc6 bxc6 7. Bd3 0-0 8. 0-0 Re8 9. Bg5 h6 10. Bh4 d6 11. h3 g5 12. Bg3 Bxc3 13. bxc3 Nxe4 14. Qh5 Kg7 15. c4 Bf5 16. Qf3 Qd7 17. Rfe1 Nxg3 18. Qxg3 Bxd3 19. cxd3 Rab8 20. Qf3 Re6 21. Re3 d5 22. Qg4 Rb6 23. h4 Qe7 24. Rae1 Rxe3 25. Rxe3 Rb1+ 26. Kh2 Qd6+ 27. g3 dxc4 28. Qxc4 1/2-1/2